Normal view
MARC view
Entry Personal Name
001 - CONTROL NUMBER
- control field: 36767
003 - CONTROL NUMBER IDENTIFIER
- control field: dpl
005 - DATE AND TIME OF LATEST TRANSACTION
- control field: 20111212115342.0
008 - FIXED-LENGTH DATA ELEMENTS
- fixed length control field: 111212|||a|||||| | ||| d
040 ## - CATALOGING SOURCE
- Original cataloging agency: dpl
- Transcribing agency: dpl
100 ## - HEADING--PERSONAL NAME
- Personal name: Mitton, Tony
670 ## - SOURCE DATA FOUND
- Source citation: Work cat.: (dpl): Mitton, Tony , Tec and the cake /, 2007
670 ## - SOURCE DATA FOUND
- Source citation: Work cat.: (dpl): Mitton, Tony , Tec and the cake /, 2007
